| 000 | 00631nam a22002177a 4500 | ||
|---|---|---|---|
| 005 | 20220922125300.0 | ||
| 008 | 210220b ||||| |||| 00| 0 eng d | ||
| 020 | _a9789382976394 | ||
| 040 |
_aIN-DiNC _cIN-DiNC |
||
| 041 | _deng | ||
| 082 |
_a301.0954 _bSEN |
||
| 100 |
_aSen, Sanjay _eauthor |
||
| 245 |
_aIndian society: _bimages and realities / _cby Sanjay Sen, Arpita Dowarah and Arpita Dutta Sen |
||
| 250 | _a1st ed. | ||
| 260 |
_aGolaghat: _bSaraswati prakashan, _c2020 |
||
| 300 | _a220p. | ||
| 650 | _aIdeas of India | ||
| 700 |
_aDowarah, Arpita _eauthor |
||
| 700 |
_aSen, Arpita Dutta _eauthor |
||
| 942 |
_2ddc _cBK |
||
| 999 |
_c11148 _d11148 |
||